Estatísticas para Livros da Bíblia

Clique aqui para jogar o quiz

Estatísticas Gerais

  • Esse quiz foi jogado 207 vezes
  • A pontuação média é 42 de 66

Estatísticas das Respostas

OrdemLivros% Correto
1Gênesis
97%
18
96%
66Apocalipse
92%
621 João
90%
632 João
90%
643 João
90%
43João
90%
19Salmos
89%
40Mateus
86%
2Êxodo
83%
42Lucas
82%
3Levítico
78%
4Números
78%
5Deuteronômio
74%
601 Pedro
73%
41Marcos
73%
111 Reis
72%
612 Pedro
72%
122 Reis
72%
8Rute
72%
91 Samuel
71%
102 Samuel
71%
20Provérbios
71%
6Josué
70%
461 Coríntios
69%
472 Corìntios
69%
17Ester
69%
22Cantares de Salomão/Cantares/ Cânticos
68%
44Atos
66%
7Juízes
65%
25Lamentações/Lamentações de Jeremias
63%
45Romanos
63%
23Isaias
62%
65Judas
62%
24Jeremias
61%
27Daniel
59%
50Filipenses
59%
32Jonas
58%
39Malaquias
58%
521 Tessalonicenses
57%
532 Tessalonicenses
57%
21Eclesiastes
57%
131 Crônicas
55%
142 Crônicas
55%
35Habacuque
55%
59Tiago
55%
48Gálatas
54%
15Esdras
53%
58Hebreus
53%
49Efésios
52%
16Neemias
52%
26Ezequiel
51%
38Zacarias
51%
51Colossenses
49%
28Oséias
49%
33Miquéias
48%
56Tito
48%
34Naum
47%
31Obadias
47%
36Sofonias
47%
541 Timóteo
46%
552 Timóteo
46%
30Amós
43%
29Joel
40%
37Ageu
39%
57Filemon
39%

Distribuição das Pontuações

Percentil de Números Respondidos

Porcentagem de Pessoas com Cada Pontuação

Sua Pontuação Histórica

Você não jogou esse quiz